Southwest review.
| Previous Title: | Reviewer of Richmond Reviewer Texas review (Austin, Tex. : 1915) |
|---|---|
| Format: | Journal |
| Language: | English |
| Published: |
Dallas, Tex. :
Southern Methodist University Press
|
| Subjects: | |
| Online Availability: |
|
MARC
| Tag | First Indicator | Second Indicator | Subfields |
|---|---|---|---|
| LEADER | 00000cas a2200000 a 4500 | ||
| 001 | in00000333313 | ||
| 005 | 20190207094037.0 | ||
| 008 | 751101c19249999txuqr p 0 a0eng c | ||
| 010 | |a 17004968 |z sn 81003785 | ||
| 035 | |a (OCoLC)ocm04670628 | ||
| 035 | |a (OCoLC)04670628 | ||
| 035 | |9 ABK9972AM | ||
| 040 | |a IXA |b eng |c IXA |d NYG |d NSD |d IXA |d AIP |d DLC |d NST |d NSD |d EBZ |d NST |d SYS |d OCLCQ |d CUV |d AU@ |d OCLCQ |d HEBIS |d DEBBG |d GBVCP |d UKMGB |d DLC |d OCLCO |d OCLCQ |d OCLCF |d DLC | ||
| 015 | |a 012312673 |2 dnb | ||
| 016 | 7 | |a 012312673 |2 DE-101 | |
| 016 | 7 | |a 415974-3 |2 DE-600 | |
| 016 | 7 | |a 009881772 |2 Uk | |
| 022 | 0 | |a 0038-4712 |l 0038-4712 |2 1 | |
| 029 | 1 | |a AU@ |b 000000940461 | |
| 029 | 1 | |a DEBBG |b BV003751587 | |
| 029 | 1 | |a GBVCP |b 129995622 | |
| 029 | 1 | |a HEBIS |b 047591765 | |
| 029 | 1 | |a NLGGC |b 840849176 | |
| 029 | 1 | |a NZ1 |b 4900435 | |
| 029 | 1 | |a ZWZ |b 038799855 | |
| 032 | |a 781260 |b USPS | ||
| 035 | |a (OCoLC)4670628 | ||
| 037 | |b Southwest Review, Southern Methodist University Press, 6410 Airline Road, Dallas, TX 75275 | ||
| 042 | |a nsdp |a pcc | ||
| 043 | |a n-ust-- | ||
| 050 | 0 | 0 | |a AP2 |b .S883 |
| 082 | 0 | 4 | |a 051 |
| 049 | |a TXAM | ||
| 210 | 0 | |a Southwest rev. | |
| 222 | 0 | |a Southwest review | |
| 245 | 0 | 0 | |a Southwest review. |
| 260 | |a Dallas, Tex. : |b Southern Methodist University Press | ||
| 300 | |a volumes : |b illustrations ; |c 23 cm | ||
| 310 | |a Quarterly | ||
| 336 | |a text |b txt |2 rdacontent | ||
| 337 | |a unmediated |b n |2 rdamedia | ||
| 338 | |a volume |b nc |2 rdacarrier | ||
| 362 | 1 | |a Began with: Vol. 10 in Oct. 1924. | |
| 500 | |a The Cushing Library/Chapman Texas Collection copy is part of the Floyd & Louise Chapman Texas & Borderlands Collection. |5 TXA | ||
| 500 | |a The Cushing Library/Lowman/Powell copies (volume 39:no.2; volume 43:no.3; volume 44:no.3; volume 50:no.4) are signed by Lawrence Clark Powell. | ||
| 580 | |a The Cushing Library/Lowman/Powell copies form part of the Lawrence Clark Powell Section of the Al Lowman Printing Arts Collection and Research Archive. | ||
| 580 | |a The Cushing Library/Lowman/Bibliography and Book Arts copies form part of the Bibliography and Books Arts Section of the Al Lowman Printing Arts Collection and Research Archive. | ||
| 500 | |a The Cushing Library/Lit./Dobie copy was acquired as part of Jeff C. Dykes' J. Frank Dobie Collection. | ||
| 588 | |a Description based on: Vol. 60, no. 4 (autumn 1975); title from cover. | ||
| 650 | 0 | |a Literature |v Periodicals. | |
| 650 | 7 | |a Literature. |2 fast |0 (OCoLC)fst00999953 | |
| 655 | 7 | |a Periodicals. |2 fast |0 (OCoLC)fst01411641 | |
| 773 | 0 | |t Al Lowman Printing Arts Collection and Research Archive. | |
| 776 | 0 | 8 | |i Online version: |t Southwest review (Online) |x 2168-5487 |w (DLC) 2012201526 |w (OCoLC)60652608 |
| 780 | 0 | 5 | |t Reviewer of Richmond |g Apr. 1926 |
| 780 | 0 | 5 | |t Reviewer |x 0275-245X |g Apr. 1926 |w (DLC) 26011623 |w (OCoLC)1763845 |
| 780 | 0 | 0 | |t Texas review (Austin, Tex. : 1915) |g 1915-1924 |x 2380-5382 |w (DLC) 2015203251 |w (OCoLC)5589398 |
| 850 | |a CaOONL |a CtNLC |a DLC |a MnU |a NcD |a NjR |a PU |a TxU |a ViU | ||
| 891 | 0 | 3 | |9 853 |8 1 |a v. |b no. |i (year) |j (month) |
| 891 | 4 | 0 | |9 863 |8 1 |a <10>- |i <1924>- |x provisional |
| 936 | |a Unknown |a spring 1980 | ||
| 949 | |a updated |b h |c 2017/1/10 |e spoltoratski |f 1:14:48 pm | ||
| 994 | |a C0 |b TXA | ||
| 999 | f | f | |s 05dd0880-6619-3b5d-a271-3cbea852e4a7 |i 04407782-3832-3546-81a8-d65ffc29793e |t 0 |
| 952 | f | f | |p ric |a Texas A&M University |b Rellis Campus |c Joint Library Facility |d Remote Storage |t 0 |e AP2 .S883 |h Library of Congress classification |i unmediated -- volume |k v.98:no.3 |l 2013 |m A14842240252 |
| 952 | f | f | |p ric |a Texas A&M University |b Rellis Campus |c Joint Library Facility |d Remote Storage |t 0 |e AP2 .S883 |h Library of Congress classification |i unmediated -- volume |k v.39 |l 1954 |m A14823459372 |
| 952 | f | f | |p ric |a Texas A&M University |b Rellis Campus |c Joint Library Facility |d Remote Storage |t 0 |e AP2 .S883 |h Library of Congress classification |i unmediated -- volume |k v.94:no.1-2 |l 2009 |m A14839121254 |
| 952 | f | f | |p ric |a Texas A&M University |b Rellis Campus |c Joint Library Facility |d Remote Storage |t 0 |e AP2 .S883 |h Library of Congress classification |i unmediated -- volume |k v.83 |l 1998 |m A14824878294 |
| 952 | f | f | |p ric |a Texas A&M University |b Rellis Campus |c Joint Library Facility |d Remote Storage |t 0 |e AP2 .S883 |h Library of Congress classification |i unmediated -- volume |k v.53 |l 1968 |m A14823459102 |
| 952 | f | f | |p ric |a Texas A&M University |b Rellis Campus |c Joint Library Facility |d Remote Storage |t 0 |e AP2 .S883 |h Library of Congress classification |i unmediated -- volume |k v.19 |l 1933/1934 |m A14823459835 |
| 952 | f | f | |p ric |a Texas A&M University |b Rellis Campus |c Joint Library Facility |d Remote Storage |t 0 |e AP2 .S883 |h Library of Congress classification |i unmediated -- volume |k v.66 |l 1981 |m A14817692946 |
| 952 | f | f | |p ric |a Texas A&M University |b Rellis Campus |c Joint Library Facility |d Remote Storage |t 0 |e AP2 .S883 |h Library of Congress classification |i unmediated -- volume |k v.22 |l 1936/1937 |m A14823459982 |
| 952 | f | f | |p ric |a Texas A&M University |b Rellis Campus |c Joint Library Facility |d Remote Storage |t 0 |e AP2 .S883 |h Library of Congress classification |i unmediated -- volume |k v.54 |l 1969 |m A14823459097 |
| 952 | f | f | |p ric |a Texas A&M University |b Rellis Campus |c Joint Library Facility |d Remote Storage |t 0 |e AP2 .S883 |h Library of Congress classification |i unmediated -- volume |k v.77 |l 1992 |m A14816132503 |
| 952 | f | f | |p ric |a Texas A&M University |b Rellis Campus |c Joint Library Facility |d Remote Storage |t 0 |e AP2 .S883 |h Library of Congress classification |i unmediated -- volume |k v.100:no.1-2 |l 2015 |m A14843477465 |
| 952 | f | f | |p ric |a Texas A&M University |b Rellis Campus |c Joint Library Facility |d Remote Storage |t 0 |e AP2 .S883 |h Library of Congress classification |i unmediated -- volume |k v.47 |l 1962 |m A14823459770 |
| 952 | f | f | |p ric |a Texas A&M University |b Rellis Campus |c Joint Library Facility |d Remote Storage |t 0 |e AP2 .S883 |h Library of Congress classification |i unmediated -- volume |k v.34 |l 1949 |m A14823459128 |
| 952 | f | f | |p ric |a Texas A&M University |b Rellis Campus |c Joint Library Facility |d Remote Storage |t 0 |e AP2 .S883 |h Library of Congress classification |i unmediated -- volume |k v.85 |l 2000 |m A14828591535 |
| 952 | f | f | |p ric |a Texas A&M University |b Rellis Campus |c Joint Library Facility |d Remote Storage |t 0 |e AP2 .S883 |h Library of Congress classification |i unmediated -- volume |k v.45 |l 1960 |m A14823459673 |
| 952 | f | f | |p ric |a Texas A&M University |b Rellis Campus |c Joint Library Facility |d Remote Storage |t 0 |e AP2 .S883 |h Library of Congress classification |i unmediated -- volume |k v.64 |l 1979 |m A14823459615 |
| 952 | f | f | |p ric |a Texas A&M University |b Rellis Campus |c Joint Library Facility |d Remote Storage |t 0 |e AP2 .S883 |h Library of Congress classification |i unmediated -- volume |k v.98:no.4 |l 2013 |m A14842843360 |
| 952 | f | f | |p ric |a Texas A&M University |b Rellis Campus |c Joint Library Facility |d Remote Storage |t 0 |e AP2 .S883 |h Library of Congress classification |i unmediated -- volume |k v.59 |l 1974 |m A14823459364 |
| 952 | f | f | |p ric |a Texas A&M University |b Rellis Campus |c Joint Library Facility |d Remote Storage |t 0 |e AP2 .S883 |h Library of Congress classification |i unmediated -- volume |k v.96:no.1-2 |l 2011 |m A14842041221 |
| 952 | f | f | |p ric |a Texas A&M University |b Rellis Campus |c Joint Library Facility |d Remote Storage |t 0 |e AP2 .S883 |h Library of Congress classification |i unmediated -- volume |k v.65 |l 1980 |m A14823459665 |
| 952 | f | f | |p ric |a Texas A&M University |b Rellis Campus |c Joint Library Facility |d Remote Storage |t 0 |e AP2 .S883 |h Library of Congress classification |i unmediated -- volume |k v.35 |l 1950 |m A14823459178 |
| 952 | f | f | |p ric |a Texas A&M University |b Rellis Campus |c Joint Library Facility |d Remote Storage |t 0 |e AP2 .S883 |h Library of Congress classification |i unmediated -- volume |k v.68 |l 1983 |m A14819501816 |
| 952 | f | f | |p ric |a Texas A&M University |b Rellis Campus |c Joint Library Facility |d Remote Storage |t 0 |e AP2 .S883 |h Library of Congress classification |i unmediated -- volume |k v.102:no.3/4 |l 2017:Autumn/Winter |m A14850409971 |
| 952 | f | f | |p ric |a Texas A&M University |b Rellis Campus |c Joint Library Facility |d Remote Storage |t 0 |e AP2 .S883 |h Library of Congress classification |i unmediated -- volume |k v.18 |l 1932/1933 |m A14823459788 |
| 952 | f | f | |p ric |a Texas A&M University |b Rellis Campus |c Joint Library Facility |d Remote Storage |t 0 |e AP2 .S883 |h Library of Congress classification |i unmediated -- volume |k v.106 |l 2021 |m A14851513466 |
| 952 | f | f | |p ric |a Texas A&M University |b Rellis Campus |c Joint Library Facility |d Remote Storage |t 0 |e AP2 .S883 |h Library of Congress classification |i unmediated -- volume |k v.100:no.3-4 |l 2015 |m A14843531832 |
| 952 | f | f | |p ric |a Texas A&M University |b Rellis Campus |c Joint Library Facility |d Remote Storage |t 0 |e AP2 .S883 |h Library of Congress classification |i unmediated -- volume |k v.31 |l 1945/1946 |m A14822055133 |
| 952 | f | f | |p ric |a Texas A&M University |b Rellis Campus |c Joint Library Facility |d Remote Storage |t 0 |e AP2 .S883 |h Library of Congress classification |i unmediated -- volume |k v.61 |l 1976 |m A14823459461 |
| 952 | f | f | |p ric |a Texas A&M University |b Rellis Campus |c Joint Library Facility |d Remote Storage |t 0 |e AP2 .S883 |h Library of Congress classification |i unmediated -- volume |k v.88 |l 2003 |m A14832165451 |
| 952 | f | f | |p ric |a Texas A&M University |b Rellis Campus |c Joint Library Facility |d Remote Storage |t 0 |e AP2 .S883 |h Library of Congress classification |i unmediated -- volume |k v.32 |l 1947 |m A14823460006 |
| 952 | f | f | |p ric |a Texas A&M University |b Rellis Campus |c Joint Library Facility |d Remote Storage |t 0 |e AP2 .S883 |h Library of Congress classification |i unmediated -- volume |k v.84 |l 1999 |m A14826473032 |
| 952 | f | f | |p ric |a Texas A&M University |b Rellis Campus |c Joint Library Facility |d Remote Storage |t 0 |e AP2 .S883 |h Library of Congress classification |i unmediated -- volume |k v.91 |l 2006 |m A14835105183 |
| 952 | f | f | |p ric |a Texas A&M University |b Rellis Campus |c Joint Library Facility |d Remote Storage |t 0 |e AP2 .S883 |h Library of Congress classification |i unmediated -- volume |k v.99:no.1-2 |l 2014 |m A14842843352 |
| 952 | f | f | |p ric |a Texas A&M University |b Rellis Campus |c Joint Library Facility |d Remote Storage |t 0 |e AP2 .S883 |h Library of Congress classification |i unmediated -- volume |k v.17 |l 1931/1932 |m A14823459738 |
| 952 | f | f | |p ric |a Texas A&M University |b Rellis Campus |c Joint Library Facility |d Remote Storage |t 0 |e AP2 .S883 |h Library of Congress classification |i unmediated -- volume |k v.67 |l 1982 |m A14819501913 |
| 952 | f | f | |p ric |a Texas A&M University |b Rellis Campus |c Joint Library Facility |d Remote Storage |t 0 |e AP2 .S883 |h Library of Congress classification |i unmediated -- volume |k v.13 |l 1927/1928 |m A14823459681 |
| 952 | f | f | |p ric |a Texas A&M University |b Rellis Campus |c Joint Library Facility |d Remote Storage |t 0 |e AP2 .S883 |h Library of Congress classification |i unmediated -- volume |k v.41 |l 1956 |m A14823459479 |
| 952 | f | f | |p ric |a Texas A&M University |b Rellis Campus |c Joint Library Facility |d Remote Storage |t 0 |e AP2 .S883 |h Library of Congress classification |i unmediated -- volume |k v.57 |l 1972 |m A14823459267 |
| 952 | f | f | |p ric |a Texas A&M University |b Rellis Campus |c Joint Library Facility |d Remote Storage |t 0 |e AP2 .S883 |h Library of Congress classification |i unmediated -- volume |k v.49 |l 1964 |m A14823459877 |
| 952 | f | f | |p ric |a Texas A&M University |b Rellis Campus |c Joint Library Facility |d Remote Storage |t 0 |e AP2 .S883 |h Library of Congress classification |i unmediated -- volume |k v.29 |l 1943/1944 |m A14823460022 |
| 952 | f | f | |p ric |a Texas A&M University |b Rellis Campus |c Joint Library Facility |d Remote Storage |t 0 |e AP2 .S883 |h Library of Congress classification |i unmediated -- volume |k v.50 |l 1965 |m A14823459924 |
| 952 | f | f | |p ric |a Texas A&M University |b Rellis Campus |c Joint Library Facility |d Remote Storage |t 0 |e AP2 .S883 |h Library of Congress classification |i unmediated -- volume |k v.27 |l 1941/1942 |m A14823460056 |
| 952 | f | f | |p ric |a Texas A&M University |b Rellis Campus |c Joint Library Facility |d Remote Storage |t 0 |e AP2 .S883 |h Library of Congress classification |i unmediated -- volume |k v.104:no.3-4 |l 2019 |m A14851473562 |
| 952 | f | f | |p ric |a Texas A&M University |b Rellis Campus |c Joint Library Facility |d Remote Storage |t 0 |e AP2 .S883 |h Library of Congress classification |i unmediated -- volume |k v.37 |l 1952 |m A14823459275 |
| 952 | f | f | |p ric |a Texas A&M University |b Rellis Campus |c Joint Library Facility |d Remote Storage |t 0 |e AP2 .S883 |h Library of Congress classification |i unmediated -- volume |k v.52 |l 1967 |m A14823459110 |
| 952 | f | f | |p ric |a Texas A&M University |b Rellis Campus |c Joint Library Facility |d Remote Storage |t 0 |e AP2 .S883 |h Library of Congress classification |i unmediated -- volume |k v.16 |l 1930/1931 |m A14817706533 |
| 952 | f | f | |p ric |a Texas A&M University |b Rellis Campus |c Joint Library Facility |d Remote Storage |t 0 |e AP2 .S883 |h Library of Congress classification |i unmediated -- volume |k v.79 |l 1994 |m A14819041769 |
| 952 | f | f | |p ric |a Texas A&M University |b Rellis Campus |c Joint Library Facility |d Remote Storage |t 0 |e AP2 .S883 |h Library of Congress classification |i unmediated -- volume |k v.43 |l 1958 |m A14823459576 |
| 952 | f | f | |p noncirc |a Texas A&M University |b College Station |c Cushing Memorial Library & Archives |d Cushing: Literature/Dobie (Does not check out) |t 0 |e AP2 .S883 |h Library of Congress classification |i unmediated -- volume |
| 952 | f | f | |p ric |a Texas A&M University |b Rellis Campus |c Joint Library Facility |d Remote Storage |t 0 |e AP2 .S883 |h Library of Congress classification |i unmediated -- volume |k v.90 |l 2005 |m A14833465163 |
| 952 | f | f | |p noncirc |a Texas A&M University |b College Station |c Cushing Memorial Library & Archives |d Cushing: Lowman (Does not check out) |t 0 |e AP2 .S883 |h Library of Congress classification |i unmediated -- volume |
| 952 | f | f | |p ric |a Texas A&M University |b Rellis Campus |c Joint Library Facility |d Remote Storage |t 0 |e AP2 .S883 |h Library of Congress classification |i unmediated -- volume |k v.86 |l 2001 |m A14829901115 |
| 952 | f | f | |p ric |a Texas A&M University |b Rellis Campus |c Joint Library Facility |d Remote Storage |t 0 |e AP2 .S883 |h Library of Congress classification |i unmediated -- volume |k v.73 |l 1988 |m A14812049009 |
| 952 | f | f | |p ric |a Texas A&M University |b Rellis Campus |c Joint Library Facility |d Remote Storage |t 0 |e AP2 .S883 |h Library of Congress classification |i unmediated -- volume |k v.60 |l 1975 |m A14823459411 |
| 952 | f | f | |p ric |a Texas A&M University |b Rellis Campus |c Joint Library Facility |d Remote Storage |t 0 |e AP2 .S883 |h Library of Congress classification |i unmediated -- volume |k v.98:no.1-2 |l 2013 |m A14842240260 |
| 952 | f | f | |p ric |a Texas A&M University |b Rellis Campus |c Joint Library Facility |d Remote Storage |t 0 |e AP2 .S883 |h Library of Congress classification |i unmediated -- volume |k v.12 |l 1926/1927 |m A14823459631 |
| 952 | f | f | |p ric |a Texas A&M University |b Rellis Campus |c Joint Library Facility |d Remote Storage |t 0 |e AP2 .S883 |h Library of Congress classification |i unmediated -- volume |k v.62 |l 1977 |m A14823459518 |
| 952 | f | f | |p ric |a Texas A&M University |b Rellis Campus |c Joint Library Facility |d Remote Storage |t 0 |e AP2 .S883 |h Library of Congress classification |i unmediated -- volume |k v.11 |l 1925/1926 |m A14823459584 |
| 952 | f | f | |p ric |a Texas A&M University |b Rellis Campus |c Joint Library Facility |d Remote Storage |t 0 |e AP2 .S883 |h Library of Congress classification |i unmediated -- volume |k v.15 |l 1929/1930 |m A14817688109 |
| 952 | f | f | |p ric |a Texas A&M University |b Rellis Campus |c Joint Library Facility |d Remote Storage |t 0 |e AP2 .S883 |h Library of Congress classification |i unmediated -- volume |k v.99:no.3-4 |l 2014 |m A14843477457 |
| 952 | f | f | |p ric |a Texas A&M University |b Rellis Campus |c Joint Library Facility |d Remote Storage |t 0 |e AP2 .S883 |h Library of Congress classification |i unmediated -- volume |k v.20 |l 1934/1935 |m A14823459885 |
| 952 | f | f | |p ric |a Texas A&M University |b Rellis Campus |c Joint Library Facility |d Remote Storage |t 0 |e AP2 .S883 |h Library of Congress classification |i unmediated -- volume |k v.40 |l 1955 |m A14823459429 |
| 952 | f | f | |p ric |a Texas A&M University |b Rellis Campus |c Joint Library Facility |d Remote Storage |t 0 |e AP2 .S883 |h Library of Congress classification |i unmediated -- volume |k v.102:no.1-2 |l 2017 |m A14850409500 |
| 952 | f | f | |p ric |a Texas A&M University |b Rellis Campus |c Joint Library Facility |d Remote Storage |t 0 |e AP2 .S883 |h Library of Congress classification |i unmediated -- volume |k v.82 |l 1997 |m A14822423124 |
| 952 | f | f | |p ric |a Texas A&M University |b Rellis Campus |c Joint Library Facility |d Remote Storage |t 0 |e AP2 .S883 |h Library of Congress classification |i unmediated -- volume |k v.103 |l 2018/2019 |m A14850936080 |
| 952 | f | f | |p ric |a Texas A&M University |b Rellis Campus |c Joint Library Facility |d Remote Storage |t 0 |e AP2 .S883 |h Library of Congress classification |i unmediated -- volume |k v.63 |l 1978 |m A14823459568 |
| 952 | f | f | |p ric |a Texas A&M University |b Rellis Campus |c Joint Library Facility |d Remote Storage |t 0 |e AP2 .S883 |h Library of Congress classification |i unmediated -- volume |k v.46 |l 1961 |m A14823459720 |
| 952 | f | f | |p ric |a Texas A&M University |b Rellis Campus |c Joint Library Facility |d Remote Storage |t 0 |e AP2 .S883 |h Library of Congress classification |i unmediated -- volume |k v.69 |l 1984 |m A14823459712 |
| 952 | f | f | |p ric |a Texas A&M University |b Rellis Campus |c Joint Library Facility |d Remote Storage |t 0 |e AP2 .S883 |h Library of Congress classification |i unmediated -- volume |k v.104:no1-2 |l 2019 |m A14851481169 |
| 952 | f | f | |p ric |a Texas A&M University |b Rellis Campus |c Joint Library Facility |d Remote Storage |t 0 |e AP2 .S883 |h Library of Congress classification |i unmediated -- volume |k v.95:no.3-4 |l 2010 |m A14839506608 |
| 952 | f | f | |p ric |a Texas A&M University |b Rellis Campus |c Joint Library Facility |d Remote Storage |t 0 |e AP2 .S883 |h Library of Congress classification |i unmediated -- volume |k v.78 |l 1993 |m A14817882151 |
| 952 | f | f | |p ric |a Texas A&M University |b Rellis Campus |c Joint Library Facility |d Remote Storage |t 0 |e AP2 .S883 |h Library of Congress classification |i unmediated -- volume |k v.89 |l 2004 |m A14833728189 |
| 952 | f | f | |p ric |a Texas A&M University |b Rellis Campus |c Joint Library Facility |d Remote Storage |t 0 |e AP2 .S883 |h Library of Congress classification |i unmediated -- volume |k v.93 |l 2008 |m A14834774379 |
| 952 | f | f | |p ric |a Texas A&M University |b Rellis Campus |c Joint Library Facility |d Remote Storage |t 0 |e AP2 .S883 |h Library of Congress classification |i unmediated -- volume |k v.38 |l 1953 |m A14823459322 |
| 952 | f | f | |p ric |a Texas A&M University |b Rellis Campus |c Joint Library Facility |d Remote Storage |t 0 |e AP2 .S883 |h Library of Congress classification |i unmediated -- volume |k v.92 |l 2007 |m A14836127269 |
| 952 | f | f | |p ric |a Texas A&M University |b Rellis Campus |c Joint Library Facility |d Remote Storage |t 0 |e AP2 .S883 |h Library of Congress classification |i unmediated -- volume |k v.42 |l 1957 |m A14823459526 |
| 952 | f | f | |p ric |a Texas A&M University |b Rellis Campus |c Joint Library Facility |d Remote Storage |t 0 |e AP2 .S883 |h Library of Congress classification |i unmediated -- volume |k v.48 |l 1963 |m A14823459827 |
| 952 | f | f | |p ric |a Texas A&M University |b Rellis Campus |c Joint Library Facility |d Remote Storage |t 0 |e AP2 .S883 |h Library of Congress classification |i unmediated -- volume |k v.51 |l 1966 |m A14823459974 |
| 952 | f | f | |p ric |a Texas A&M University |b Rellis Campus |c Joint Library Facility |d Remote Storage |t 0 |e AP2 .S883 |h Library of Congress classification |i unmediated -- volume |k v.95:no.1/2 |l 2010 |m A14839506616 |
| 952 | f | f | |p ric |a Texas A&M University |b Rellis Campus |c Joint Library Facility |d Remote Storage |t 0 |e AP2 .S883 |h Library of Congress classification |i unmediated -- volume |k v.25 |l 1939/1940 |m A14823460072 |
| 952 | f | f | |p ric |a Texas A&M University |b Rellis Campus |c Joint Library Facility |d Remote Storage |t 0 |e AP2 .S883 |h Library of Congress classification |i unmediated -- volume |k v.71 |l 1986 |m A14823459819 |
| 952 | f | f | |p ric |a Texas A&M University |b Rellis Campus |c Joint Library Facility |d Remote Storage |t 0 |e AP2 .S883 |h Library of Congress classification |i unmediated -- volume |k v.14 |l 1928/1929 |m A14811215429 |
| 952 | f | f | |p ric |a Texas A&M University |b Rellis Campus |c Joint Library Facility |d Remote Storage |t 0 |e AP2 .S883 |h Library of Congress classification |i unmediated -- volume |k v.87 |l 2002 |m A14830646401 |
| 952 | f | f | |p ric |a Texas A&M University |b Rellis Campus |c Joint Library Facility |d Remote Storage |t 0 |e AP2 .S883 |h Library of Congress classification |i unmediated -- volume |k v.97:no.1-2 |l 2012 |m A14842041247 |
| 952 | f | f | |p ric |a Texas A&M University |b Rellis Campus |c Joint Library Facility |d Remote Storage |t 0 |e AP2 .S883 |h Library of Congress classification |i unmediated -- volume |k v.81 |l 1996 |m A14821040745 |
| 952 | f | f | |p ric |a Texas A&M University |b Rellis Campus |c Joint Library Facility |d Remote Storage |t 0 |e AP2 .S883 |h Library of Congress classification |i unmediated -- volume |k v.23 |l 1937/1938 |m A14823460030 |
| 952 | f | f | |p ric |a Texas A&M University |b Rellis Campus |c Joint Library Facility |d Remote Storage |t 0 |e AP2 .S883 |h Library of Congress classification |i unmediated -- volume |k v.24 |l 1938/1939 |m A14823460080 |
| 952 | f | f | |p ric |a Texas A&M University |b Rellis Campus |c Joint Library Facility |d Remote Storage |t 0 |e AP2 .S883 |h Library of Congress classification |i unmediated -- volume |k v.70 |l 1985 |m A14823459762 |
| 952 | f | f | |p ric |a Texas A&M University |b Rellis Campus |c Joint Library Facility |d Remote Storage |t 0 |e AP2 .S883 |h Library of Congress classification |i unmediated -- volume |k v.30 |l 1944/1945 |m A14823460014 |
| 952 | f | f | |p ric |a Texas A&M University |b Rellis Campus |c Joint Library Facility |d Remote Storage |t 0 |e AP2 .S883 |h Library of Congress classification |i unmediated -- volume |k v.74 |l 1989 |m A14812048956 |
| 952 | f | f | |p ric |a Texas A&M University |b Rellis Campus |c Joint Library Facility |d Remote Storage |t 0 |e AP2 .S883 |h Library of Congress classification |i unmediated -- volume |k v.101 |l 2016 |m A14850092835 |
| 952 | f | f | |p ric |a Texas A&M University |b Rellis Campus |c Joint Library Facility |d Remote Storage |t 0 |e AP2 .S883 |h Library of Congress classification |i unmediated -- volume |k v.33 |l 1948 |m A14823459990 |
| 952 | f | f | |p ric |a Texas A&M University |b Rellis Campus |c Joint Library Facility |d Remote Storage |t 0 |e AP2 .S883 |h Library of Congress classification |i unmediated -- volume |k v.94:no.3-4 |l 2009 |m A14839121296 |
| 952 | f | f | |p ric |a Texas A&M University |b Rellis Campus |c Joint Library Facility |d Remote Storage |t 0 |e AP2 .S883 |h Library of Congress classification |i unmediated -- volume |k v.26 |l 1940/1941 |m A14823460064 |
| 952 | f | f | |p ric |a Texas A&M University |b Rellis Campus |c Joint Library Facility |d Remote Storage |t 0 |e AP2 .S883 |h Library of Congress classification |i unmediated -- volume |k v.96:no.3-4 |l 2011 |m A14842041239 |
| 952 | f | f | |p ric |a Texas A&M University |b Rellis Campus |c Joint Library Facility |d Remote Storage |t 0 |e AP2 .S883 |h Library of Congress classification |i unmediated -- volume |k v.76 |l 1991 |m A14815538390 |
| 952 | f | f | |p noncirc |a Texas A&M University |b College Station |c Cushing Memorial Library & Archives |d Cushing: Chapman Texas Collection (Does not check out) |t 0 |e AP2 .S883 |h Library of Congress classification |i unmediated -- volume |m A14851948050 |
| 952 | f | f | |p ric |a Texas A&M University |b Rellis Campus |c Joint Library Facility |d Remote Storage |t 0 |e AP2 .S883 |h Library of Congress classification |i unmediated -- volume |k v.36 |l 1951 |m A14823459225 |
| 952 | f | f | |p ric |a Texas A&M University |b Rellis Campus |c Joint Library Facility |d Remote Storage |t 0 |e AP2 .S883 |h Library of Congress classification |i unmediated -- volume |k v.44 |l 1959 |m A14823459623 |
| 952 | f | f | |p noncirc |a Texas A&M University |b College Station |c Cushing Memorial Library & Archives |d Cushing: Dykes (Does not check out) |t 0 |e AP2 .S883 |h Library of Congress classification |i unmediated -- volume |
| 952 | f | f | |p ric |a Texas A&M University |b Rellis Campus |c Joint Library Facility |d Remote Storage |t 0 |e AP2 .S883 |h Library of Congress classification |i unmediated -- volume |k v.10 |l 1924/1925 |m A14811941224 |
| 952 | f | f | |p ric |a Texas A&M University |b Rellis Campus |c Joint Library Facility |d Remote Storage |t 0 |e AP2 .S883 |h Library of Congress classification |i unmediated -- volume |k v.58 |l 1973 |m A14823459314 |
| 952 | f | f | |p ric |a Texas A&M University |b Rellis Campus |c Joint Library Facility |d Remote Storage |t 0 |e AP2 .S883 |h Library of Congress classification |i unmediated -- volume |k v.28 |l 1942/1943 |m A14823460048 |
| 952 | f | f | |p ric |a Texas A&M University |b Rellis Campus |c Joint Library Facility |d Remote Storage |t 0 |e AP2 .S883 |h Library of Congress classification |i unmediated -- volume |k v.56 |l 1971 |m A14823459217 |
| 952 | f | f | |p ric |a Texas A&M University |b Rellis Campus |c Joint Library Facility |d Remote Storage |t 0 |e AP2 .S883 |h Library of Congress classification |i unmediated -- volume |k v.55 |l 1970 |m A14823459160 |
| 952 | f | f | |p ric |a Texas A&M University |b Rellis Campus |c Joint Library Facility |d Remote Storage |t 0 |e AP2 .S883 |h Library of Congress classification |i unmediated -- volume |k v.105 |l 2020 |m A14851503665 |
| 952 | f | f | |p ric |a Texas A&M University |b Rellis Campus |c Joint Library Facility |d Remote Storage |t 0 |e AP2 .S883 |h Library of Congress classification |i unmediated -- volume |k v.97:no.3-4 |l 2012 |m A14842041254 |
| 952 | f | f | |p ric |a Texas A&M University |b Rellis Campus |c Joint Library Facility |d Remote Storage |t 0 |e AP2 .S883 |h Library of Congress classification |i unmediated -- volume |k v.80 |l 1995 |m A14819926422 |
| 952 | f | f | |p ric |a Texas A&M University |b Rellis Campus |c Joint Library Facility |d Remote Storage |t 0 |e AP2 .S883 |h Library of Congress classification |i unmediated -- volume |k v.72 |l 1987 |m A14811389692 |
| 952 | f | f | |p ric |a Texas A&M University |b Rellis Campus |c Joint Library Facility |d Remote Storage |t 0 |e AP2 .S883 |h Library of Congress classification |i unmediated -- volume |k v.21 |l 1935/1936 |m A14823459932 |
| 952 | f | f | |p ric |a Texas A&M University |b Rellis Campus |c Joint Library Facility |d Remote Storage |t 0 |e AP2 .S883 |h Library of Congress classification |i unmediated -- volume |k v.75 |l 1990 |m A14813808448 |
| 998 | f | f | |a AP2 .S883 |s v.10-106 (1924/1925-2021) |t 0 |l Remote Storage |
| 998 | f | f | |a AP2 .S883 |s v.53:no.1 (1968:Winter) |t 0 |l Cushing: Literature/Dobie (Does not check out) |
| 998 | f | f | |a AP2 .S883 |s v.44:no.1 (1959:Winter) |t 0 |l Cushing: Chapman Texas Collection (Does not check out) |
| 998 | f | f | |a AP2 .S883 |s v.69:no.4 (1984:Autumn) |t 0 |l Cushing: Lowman (Does not check out) |
| 998 | f | f | |a AP2 .S883 |s v.62:no.2 (1977:Spring) |t 0 |l Cushing: Dykes (Does not check out) |